000 00817nam a2200265Ia 4500
003 OSt
005 20220930073441.0
006 a|||||r|||| 00| 0
007 ta
008 220926b |||||||| |||| 00| 0 hin d
024 _a32410
037 _cTheses
040 _aCRL
_cCRL
_bhin
041 _2hin
_ahin
100 _aJha Chayawan Rishi
_9531588
110 _aUniversity of Delhi. Faculty of Arts. Department of Hindi
245 0 _aRas siddhant ki paribhashik shabdavalli ka shastriya adhyan
260 _c1979
300 _a454p.
_ap.
_ccm.
650 _aHINDI LITERATURE
_923866
700 _a Dr Manohar Kale Supervisor
_9531589
700 _aUniversity of Delhi. Faculty of Arts. Department of Hindi
942 _cDIS
_2CC
999 _c865039
_d865039